Normal view
MARC view
- Zabeeh Ullah Noor
Entry Personal Name
001 - CONTROL NUMBER
- control field: 129049
003 - CONTROL NUMBER IDENTIFIER
- control field: NUST
005 - DATE AND TIME OF LATEST TRANSACTION
- control field: 20250522102608.0
008 - FIXED-LENGTH DATA ELEMENTS
- fixed length control field: 250522|| aca||aabn | a|a d
040 ## - CATALOGING SOURCE
- Original cataloging agency: NUST
- Transcribing agency: NUST
100 ## - HEADING--PERSONAL NAME
- Personal name: Zabeeh Ullah Noor
670 ## - SOURCE DATA FOUND
- Source citation: Work cat.: (NUST): Zabeeh Ullah Noor, ENHANCED NOVEL VIEW SYTHESIS VIA DEEP LEARNING-BASED 3D GAUSSIAN SPLATTING /
